000 00291nam a2200097Ia 4500
008 240331s9999 xx 000 0 und d
082 _bWOM
100 _aCenter for Reproductive Right. ed
245 0 _aWomen of the worls :
_band policies affecting their reproductuve lives South Asia
942 _cL
999 _c4458
_d4458